000 00885nam a2200277Ia 4500
003 GCL
008 140319s9999 xx 000 0 ara d
020 _a3506232977
040 _aGCL /
_cGCL
082 0 4 _a153.42
_bع ا
100 1 _aعصام على الطيب
245 1 0 _aاساليب التفكير :
_bنظريات ودراسات وبحوث معاصرة /
_cعصام على الطيب
250 _aالاولى
260 _aالقاهرة :
_bعالم الكتب ،
_c2006
300 _a304 ص ؛
_c24 سم
650 0 4 _aالتفكير
650 0 4 _aالذكاء
650 0 4 _aالمنطق
650 0 4 _aالقدرة الخلاقة
650 0 4 _aالتخيل الابداعى
650 0 4 _aالقدرة العقلية
650 0 4 _aالابداع
650 0 4 _aالتفكير الابتكارى
650 0 4 _aالتفكير - اساليب
942 _2ddc
_cBK
999 _c9706
_d9706